<?xml version="1.0" encoding="UTF-8"?>
<record
    xmlns:xsi="http://www.w3.org/2001/XMLSchema-instance"
    xsi:schemaLocation="http://www.loc.gov/MARC21/slim http://www.loc.gov/standards/marcxml/schema/MARC21slim.xsd"
    xmlns="http://www.loc.gov/MARC21/slim">

  <leader>00721nam a22001577a 4500</leader>
  <controlfield tag="003">OSt</controlfield>
  <controlfield tag="005">20151102104416.0</controlfield>
  <controlfield tag="008">151102b        xxu||||| |||| 00| 0 eng d</controlfield>
  <datafield tag="040" ind1=" " ind2=" ">
    <subfield code="c">RUA</subfield>
  </datafield>
  <datafield tag="082" ind1=" " ind2=" ">
    <subfield code="a">FOR &#x1798;&#x17BB;&#x1793;&#x17B8; 1993 B118 Or.1</subfield>
  </datafield>
  <datafield tag="100" ind1=" " ind2=" ">
    <subfield code="9">3175</subfield>
    <subfield code="a">&#x1798;&#x17BB;&#x1793;&#x17B8; &#x179C;&#x17B8;&#x179A;&#x17C8;</subfield>
  </datafield>
  <datafield tag="245" ind1=" " ind2=" ">
    <subfield code="a">&#x179C;&#x17B7;&#x1797;&#x17B6;&#x1782;&#x1791;&#x17B6;&#x1793;&#x178A;&#x179B;&#x17CB;&#x1780;&#x17B6;&#x179A;&#x179F;&#x17B7;&#x1780;&#x17D2;&#x179F;&#x17B6;&#x17A2;&#x17C6;&#x1796;&#x17B8;&#x1780;&#x17B6;&#x179A;&#x1794;&#x1784;&#x17D2;&#x1780;&#x17BE;&#x178F;&#x1796;&#x17D2;&#x179A;&#x17C3;&#x1794;&#x17C6;&#x179A;&#x17BB;&#x1784;&#x1791;&#x17BB;&#x1780;&#x1792;&#x1798;&#x17D2;&#x1798;&#x1787;&#x17B6;&#x178F;&#x17B7;&#x179F;&#x17C6;&#x179A;&#x17B6;&#x1794;&#x17CB;&#x1787;&#x17C6;&#x179A;&#x1780;&#x179F;&#x178F;&#x17D2;&#x179C;&#x179F;&#x17D2;&#x179B;&#x17B6;&#x1794; &#x1793;&#x17C5; &#x178F;&#x17C6;&#x1794;&#x1793;&#x17CB;&#x179C;&#x17B6;&#x179B;&#x1797;&#x1780;&#x17CB; &#x1794;&#x17B9;&#x1784;&#x1791;&#x1793;&#x17D2;&#x179B;&#x17C1;&#x179F;&#x17B6;&#x1794; &#x1781;&#x17C1;&#x178F;&#x17D2;&#x178F;&#x1780;&#x17C6;&#x1796;&#x1784;&#x17CB;&#x1786;&#x17D2;&#x1793;&#x17B6;&#x17C6;&#x1784;</subfield>
  </datafield>
  <datafield tag="260" ind1=" " ind2=" ">
    <subfield code="a">Phnom Penh</subfield>
    <subfield code="b">RUA</subfield>
    <subfield code="c">1993</subfield>
  </datafield>
  <datafield tag="300" ind1=" " ind2=" ">
    <subfield code="a">66p.</subfield>
    <subfield code="b">ill.</subfield>
    <subfield code="c">29cm.</subfield>
  </datafield>
  <datafield tag="942" ind1=" " ind2=" ">
    <subfield code="2">ddc</subfield>
    <subfield code="c">FOR</subfield>
  </datafield>
  <datafield tag="999" ind1=" " ind2=" ">
    <subfield code="c">2963</subfield>
    <subfield code="d">2963</subfield>
  </datafield>
  <datafield tag="952" ind1=" " ind2=" ">
    <subfield code="0">0</subfield>
    <subfield code="1">0</subfield>
    <subfield code="2">ddc</subfield>
    <subfield code="4">0</subfield>
    <subfield code="6">FOR_&#x1798;&#x17BB;&#x1793;&#x17B8;_1993_000000000000000_B118_OR_1</subfield>
    <subfield code="7">0</subfield>
    <subfield code="9">14164</subfield>
    <subfield code="a">LBB</subfield>
    <subfield code="b">LBB</subfield>
    <subfield code="c">B118</subfield>
    <subfield code="d">2015-11-02</subfield>
    <subfield code="o">FOR &#x1798;&#x17BB;&#x1793;&#x17B8; 1993 B118 Or.1</subfield>
    <subfield code="p">RUA027635</subfield>
    <subfield code="r">2015-11-02</subfield>
    <subfield code="w">2015-11-02</subfield>
    <subfield code="y">FOR</subfield>
  </datafield>
  <datafield tag="952" ind1=" " ind2=" ">
    <subfield code="0">0</subfield>
    <subfield code="1">0</subfield>
    <subfield code="2">ddc</subfield>
    <subfield code="4">0</subfield>
    <subfield code="6">FOR_&#x1798;&#x17BB;&#x1793;&#x17B8;_1993_000000000000000_B118_OR_2</subfield>
    <subfield code="7">0</subfield>
    <subfield code="9">14165</subfield>
    <subfield code="a">LBB</subfield>
    <subfield code="b">LBB</subfield>
    <subfield code="c">B118</subfield>
    <subfield code="d">2015-11-02</subfield>
    <subfield code="o">FOR &#x1798;&#x17BB;&#x1793;&#x17B8; 1993 B118 Or.2</subfield>
    <subfield code="p">RUA027563</subfield>
    <subfield code="r">2015-11-02</subfield>
    <subfield code="w">2015-11-02</subfield>
    <subfield code="y">FOR</subfield>
  </datafield>
  <datafield tag="952" ind1=" " ind2=" ">
    <subfield code="0">0</subfield>
    <subfield code="1">0</subfield>
    <subfield code="2">ddc</subfield>
    <subfield code="4">0</subfield>
    <subfield code="6">FOR_&#x1798;&#x17BB;&#x1793;&#x17B8;_1993_000000000000000_B118_OR_3</subfield>
    <subfield code="7">0</subfield>
    <subfield code="9">14166</subfield>
    <subfield code="a">LBB</subfield>
    <subfield code="b">LBB</subfield>
    <subfield code="c">B118</subfield>
    <subfield code="d">2015-11-02</subfield>
    <subfield code="o">FOR &#x1798;&#x17BB;&#x1793;&#x17B8; 1993 B118 Or.3</subfield>
    <subfield code="p">RUA027688</subfield>
    <subfield code="r">2015-11-02</subfield>
    <subfield code="w">2015-11-02</subfield>
    <subfield code="y">FOR</subfield>
  </datafield>
  <datafield tag="952" ind1=" " ind2=" ">
    <subfield code="0">0</subfield>
    <subfield code="1">0</subfield>
    <subfield code="2">ddc</subfield>
    <subfield code="4">0</subfield>
    <subfield code="6">FOR_&#x1798;&#x17BB;&#x1793;&#x17B8;_1993_000000000000000_B118_OR_4</subfield>
    <subfield code="7">0</subfield>
    <subfield code="9">14167</subfield>
    <subfield code="a">LBB</subfield>
    <subfield code="b">LBB</subfield>
    <subfield code="c">B118</subfield>
    <subfield code="d">2015-11-02</subfield>
    <subfield code="o">FOR &#x1798;&#x17BB;&#x1793;&#x17B8; 1993 B118 Or.4</subfield>
    <subfield code="p">RUA027689</subfield>
    <subfield code="r">2015-11-02</subfield>
    <subfield code="w">2015-11-02</subfield>
    <subfield code="y">FOR</subfield>
  </datafield>
</record>
